| 000 | 01220nam0a2200337 4500 | ||
|---|---|---|---|
| 001 | RU\NLR\bibl\1506060 | ||
| 005 | 20260405215008.0 | ||
| 010 |
_a978-5-85247-353-0 _91000 |
||
| 021 |
_aRU _b2010-17958 _91204 |
||
| 035 | _a(nilc)RSL-KNO-004596229 | ||
| 035 | _a(NLR Aleph) 001497482 | ||
| 090 |
_a1788283 _c1788283 |
||
| 100 | _a20100312d2010 |||y0rusy50 ca | ||
| 101 | 0 | _arus | |
| 102 | _aRU | ||
| 105 | _aa ||||||||| | ||
| 200 | 1 |
_aПалолем _eреальные истории из жизни студентки-международницы _fЛисса Арнольди |
|
| 210 |
_aКазань _c[б. и.] _d2010 |
||
| 215 |
_a303, [1] с., [12] л. цв. ил., портр., фот. _cил., портр. _d21 |
||
| 300 | _aНа 3-й с. авт.: Василиса Годочкина-Арнольди | ||
| 686 |
_aШ5(2=Р)75-646.43 _2rubbk |
||
| 686 | _aШ6(2=Р)8-464.3 | ||
| 700 | 1 |
_4070 _8rus _7ca _aГодочкина-Арнольди _bВ. _f1989- _gВасилиса _3RU\NLR\auth\7797919 _980845 |
|
| 801 | 0 |
_aRU _bРГБ _c20100312 _grcr |
|
| 801 | 1 |
_aRU _bРГБ _c20100312 |
|
| 801 | 2 |
_aRU _bNLR _c20100428 _grcr |
|
| 942 | _cBOOK | ||
| 980 | _aNB | ||
| 980 | _aNBR | ||